000 00619nam a2200217 a 4500
999 _c5643
_d5643
001 5643
003 BD-JhCC
005 20180529123506.0
008 171214s19931996bg a|||| ||a| 000 0 ben d
035 _a(BD-JhCC)5643
040 _aBD-JhCC
_dBD-JhCC
041 _aben
082 _a516
_bHOS 1993
100 _aহোসেন, আবুল
245 _aচিরায়ত জ্যামিতি /
_cআবুল হোসেন
260 _aঢাকা :
_bচিরায়ত প্রকাশনা,
_c1993.
300 _a376 p. :
_c19 cm.
650 _aGeometry
942 _2ddc
_cBK